000
00229nam a22000857a 4500
008
170616b xxu||||| |||| 00| 0 eng d
100
_9
3472
_a
Dasgupta. M
245
_a
Low cost, no cost teaching AIDS
260
_a
New Delhi
_b
N. B. T
_c
2007
999
_c
6846
_d
6846